000 00405nam a2200205Ia 4500
003 IT-RoPAU
008 120407s9999 xx 000 0 und d
040 _aIT-RoPAU
040 _cIT-RoPAU
041 _aita
100 _aIgino Giordani
245 _aGesù di Nazaret.
250 _aTorino
260 _aSei
260 _c1946
300 _c15 cm
490 _v2
942 _cBK
999 _c17583
_d17583